<?xml version="1.0" encoding="UTF-8"?>
<record
    xmlns:xsi="http://www.w3.org/2001/XMLSchema-instance"
    xsi:schemaLocation="http://www.loc.gov/MARC21/slim http://www.loc.gov/standards/marcxml/schema/MARC21slim.xsd"
    xmlns="http://www.loc.gov/MARC21/slim">

  <leader>00743nam a2200145Ia 4500</leader>
  <controlfield tag="008">100415s9999    xx            000 0 und d</controlfield>
  <datafield tag="082" ind1=" " ind2=" ">
    <subfield code="b">18325</subfield>
    <subfield code="a">599.725(5475)</subfield>
  </datafield>
  <datafield tag="100" ind1=" " ind2=" ">
    <subfield code="a">SINGH, HS</subfield>
  </datafield>
  <datafield tag="245" ind1=" " ind2=" ">
    <subfield code="a">Ecological Study of Wild Ass Sanctuary : Little Rann of Kutch (A Comprehensive study on biodiversity and management issues): (OVERSIZED BOOKS)</subfield>
  </datafield>
  <datafield tag="260" ind1=" " ind2=" ">
    <subfield code="a">GANDHINAGAR</subfield>
    <subfield code="c">1999</subfield>
    <subfield code="b">GEER FOUNDATION</subfield>
  </datafield>
  <datafield tag="365" ind1=" " ind2=" ">
    <subfield code="b">1200</subfield>
  </datafield>
  <datafield tag="630" ind1=" " ind2=" ">
    <subfield code="a">Ecological Study of Wild Ass Sanctuary : Little Rann of Kutch (A Comprehensive study on biodiversity and management issues): (OVERSIZED BOOKS)</subfield>
  </datafield>
  <datafield tag="730" ind1=" " ind2=" ">
    <subfield code="a">Ecological Study of Wild Ass Sanctuary : Little Rann of Kutch (A Comprehensive study on biodiversity and management issues): (OVERSIZED BOOKS)</subfield>
  </datafield>
  <datafield tag="942" ind1=" " ind2=" ">
    <subfield code="c">BOOK</subfield>
  </datafield>
  <datafield tag="999" ind1=" " ind2=" ">
    <subfield code="c">601222</subfield>
    <subfield code="d">601219</subfield>
  </datafield>
  <datafield tag="952" ind1=" " ind2=" ">
    <subfield code="0">0</subfield>
    <subfield code="1">0</subfield>
    <subfield code="4">0</subfield>
    <subfield code="7">0</subfield>
    <subfield code="a">BNHS</subfield>
    <subfield code="b">BNHS</subfield>
    <subfield code="d">1999-08-14</subfield>
    <subfield code="g">1200.00</subfield>
    <subfield code="l">0</subfield>
    <subfield code="o">599.725(5475) 18325</subfield>
    <subfield code="p">BNHS-18325</subfield>
    <subfield code="r">2010-04-15 00:00:00</subfield>
    <subfield code="w">2010-04-15</subfield>
    <subfield code="y">BOOK</subfield>
  </datafield>
</record>
